Loading...
History - European History | 2 | 3 | 3 | 1 | 45 | 55 | 74.60 | 1 | 2 |
Ancient History and Archaeology | 1 | 2 | 0 | 0 | 35 | 80 | 87.33 | 0 | 3 |
Other Science: Astronomy | 0 | 2 | 0 | 0 | 20 | 85 | 91.50 | 0 | 2 |
Geography | 0 | 2 | 0 | 1 | 20 | 68 | 103.00 | 0 | 1 |
Fine Arts - Visual Fine Arts | 1 | 0 | 0 | 0 | 15 | 74 | 74.00 | 0 | 1 |
Beliefs | 0 | 3 | 4 | 0 | 10 | 116 | 126.00 | 0 | 2 |
Literature - European Literature | 0 | 1 | 0 | 0 | 10 | 145 | 145.00 | 0 | 0 |
British and Commonwealth History | 0 | 1 | 0 | 1 | 10 | 126 | 126.00 | 0 | 0 |
Fine Arts - Auditory Fine Arts | 0 | 1 | 0 | 0 | 10 | 116 | 116.00 | 0 | 0 |
Science - Chemistry | 0 | 1 | 0 | 0 | 10 | 76 | 76.00 | 0 | 1 |
Philosophy | 0 | 1 | 0 | 1 | 10 | 101 | 101.00 | 0 | 0 |
World and Other Literature | 0 | 1 | 1 | 0 | 5 | 110 | 110.00 | 0 | 1 |
Other Arts: Visual | 0 | 1 | 1 | 0 | 5 | 89 | 89.00 | 0 | 1 |
Science - Biology | 0 | 1 | 1 | 0 | 5 | 67 | 67.00 | 0 | 1 |
Social Science | 0 | 1 | 1 | 0 | 5 | 101 | 101.00 | 1 | 1 |
History - World History | 0 | 1 | 2 | 0 | 0 | 106 | 106.00 | 0 | 0 |
Other Science: Earth Science | 0 | 0 | 1 | 0 | -5 | 0.00 | 0 | 0 | |
Literature - British Literature | 0 | 0 | 1 | 0 | -5 | 0.00 | 0 | 0 | |
History - American History | 0 | 0 | 2 | 0 | -10 | 0.00 | 0 | 0 |